LEADER 01385nam 2200481 450 001 9910460731603321 005 20200520144314.0 010 $a1-77183-130-8 035 $a(CKB)3710000000498581 035 $a(SSID)ssj0001647219 035 $a(PQKBManifestationID)16417962 035 $a(PQKBTitleCode)TC0001647219 035 $a(PQKBWorkID)14959598 035 $a(PQKB)11395894 035 $a(MiAaPQ)EBC5437830 035 $a(Au-PeEL)EBL5437830 035 $a(OCoLC)1043631039 035 $a(EXLCZ)993710000000498581 100 $a20180718d2015 uy 0 101 0 $aeng 135 $aurcnu|||||||| 181 $ctxt 182 $cc 183 $acr 200 10$aGet onboard $ewalk in the shoes of a transit operator /$fRichard Lee 210 1$aToronto ;$aBuffalo ;$aBuffalo :$cMiroland Publishers,$d2015. 215 $a1 online resource (165 pages) 300 $aBibliographic Level Mode of Issuance: Monograph 311 $a1-77183-129-4 606 $aLocal transit 606 $aLocal transit$xEmployees 608 $aElectronic books. 615 0$aLocal transit. 615 0$aLocal transit$xEmployees. 676 $a388.4 700 $aLee$b Richard W.$f1985-$0886446 801 0$bMiAaPQ 801 1$bMiAaPQ 801 2$bMiAaPQ 906 $aBOOK 912 $a9910460731603321 996 $aGet onboard$91979542 997 $aUNINA LEADER 01255nam 2200397 450 001 9910794103903321 005 20230822235502.0 010 $a92-0-109620-8 035 $a(CKB)4100000011340389 035 $a(MiAaPQ)EBC6244665 035 $a(EXLCZ)994100000011340389 100 $a20201022d2020 uy 0 101 0 $aeng 135 $aurcnu|||||||| 181 $ctxt$2rdacontent 182 $cc$2rdamedia 183 $acr$2rdacarrier 200 00$aAssessing behavioural competencies of employees in nuclear facilities /$fInternational Atomic Energy Agency 210 1$aVienna, Austria :$cInternational Atomic Energy Agency,$d2020. 215 $a1 online resource (132 pages) 311 $a92-0-109520-1 606 $aNuclear industry$xEmployees 606 $aBehavioral assessment 606 $aNuclear facilities 615 0$aNuclear industry$xEmployees. 615 0$aBehavioral assessment. 615 0$aNuclear facilities. 676 $a363.1799 712 02$aInternational Atomic Energy Agency, 801 0$bMiAaPQ 801 1$bMiAaPQ 801 2$bMiAaPQ 906 $aBOOK 912 $a9910794103903321 996 $aAssessing behavioural competencies of employees in nuclear facilities$93817773 997 $aUNINA